| 000 | 00512nam a2200169 i 4500 | ||
|---|---|---|---|
| 001 | 70780 | ||
| 003 | ES-MaACL | ||
| 005 | 20230906170923.0 | ||
| 007 | t| | ||
| 008 | 040802s1912 sp ||||1| spa d | ||
| 100 | 1 |
_aGarofalo, Raffaele. _955622 |
|
| 245 | 1 | 0 |
_aJusticia y civilización / _cpor Raffaele Garofalo ; traducción por Francisco Lombardía. |
| 260 |
_aMadrid : _b[s.n., _c1912] ( _fLuis Faure) |
||
| 300 |
_a249 p. ; _c23 cm. |
||
| 700 | 1 |
_aLombardía, Francisco. _973190 |
|
| 852 |
_aES-MaACL _jF-14781 |
||
| 999 |
_c70780 _d70780 |
||